000 01468nam0a2200349 4500
001 RU\NLR\BIBL_A\012698939
005 20220519114604.0
010 _a978-5-9500769-5-4
_9100
021 _aRU
_bКН-П-21-069740
_9КН-П-21-5527
035 _a(NLR Aleph) 012698939
035 _a(RuMoRGB)010831600
090 _a12871623
_c12871623
100 _a20220201d2021 u y0rusy50 ca
101 0 _arus
102 _aRU
105 _aac||z|||000zy
181 0 _ai
_baxxe
182 1 _an
200 1 _aАссирийцы по Ярославской железной дороге от Москвы до Ростова Великого, 1920-1930-е годы
_eопыт этнического путеводителя
_fС. С. Михайлов
203 _aТекст
_bвизуальный
_cнепосредственный
210 _aБоровск
_aОбнинск
_c[б. и.]
_d2021
215 _a90 с.
_cил., портр.
_d19
320 _aБиблиогр. в примеч.: с. 89-90
606 1 _aАссирийцы
_yРоссия
_2nlr_sh2
_3RU\NLR\AUTH\6601582580
686 1 _aТ3(29=Ас)0,02
700 1 _aМихайлов
_bС. С.
_cканд. ист. наук
_f1970-
_gСергей Сергеевич
_3RU\NLR\AUTH\7740449
712 0 2 _aЯрославская железная дорога
_3RU\NLR\AUTH\8810113197
_4570
942 _cBOOK
980 _aNB